Statystyki dla Imiona męskie na D

Kliknij tutaj aby rozwiązać quiz!

Ogólne statystyki

  • Ten quiz został rozwiązany 1 061 razy
    (1 051 od ostatniego zresetowania)
  • Średni wynik to 6 z 18

Statystyki odpowiedzi

HintOdpowiedź% Poprawnych
7-literoweDariusz
88%
6-literoweDamian
83%
6-literoweDaniel
83%
5-literoweDawid
79%
7-literoweDominik
78%
6-literoweDorian
41%
7-literoweDionizy
25%
5-literoweDenis
22%
8-literoweDobromił
13%
5-literoweDavid
12%
8-literoweDezydery
9%
6-literoweDamazy
8%
5-literoweDiego
6%
6-literoweDimitr
5%
8-literoweDagobert
4%
6-literoweDalwin
3%
5-literoweDamir
3%
6-literoweDerwan
2%

Rozkład punktacji

Percentyl według liczby udzielonych odpowiedzi

Procent ludzi z każdym wynikiem

Twoja historia wyników

Nie rozwiązałeś tego quizu od ostatniego zresetowania